000 01909cam a22003614a 4500
999 _c568
_d568
001 15360027
003 GZU
005 20200907143828.0
008 080709s2009 nyub b 001 0 eng
010 _a 2008029204
020 _a9780415772433 (hardback : alk. paper)
020 _a9780415772426 (pbk. : alk. paper)
020 _a9780203884140 (ebook)
040 _aDLC
_cDLC
_dDLC
043 _aaw-----
_an-us---
050 0 0 _aDS63.1
_b.S75 2009
082 0 0 _a956.04
_222
100 1 _aStewart, Dona J.
245 1 4 _aThe Middle East today :
_bpolitical, geographical and cultural perspectives /
_cDona J. Stewart.
260 _aNew York, NY :
_bRoutledge,
_c2009.
300 _aix, 213 p. :
_bmaps ;
_c26 cm.
504 _aIncludes bibliographical references (p.[201]-206) and index.
505 0 _aThe Middle East and North Africa : between image and reality -- The geography of the Middle East and North Africa -- The contemporary state system -- Historical foundations -- The making of the modern state system -- The emergence of independent states and geopolitics -- Contemporary Islamist thought -- The Arab-Israeli conflicts : a conflict resolution perspective -- The struggle for economic and social development -- "Democracy" and political transformation -- The coming challenges : key issues to watch.
650 0 _aGeopolitics
_zMiddle East.
651 0 _aMiddle East
_xPolitics and government
_y1979-
651 0 _aMiddle East
_xEconomic conditions
_y1979-
651 0 _aUnited States
_xForeign relations
_zMiddle East.
651 0 _aMiddle East
_xForeign relations
_zUnited States.
856 4 1 _3Table of contents only
_uhttp://www.loc.gov/catdir/toc/ecip0822/2008029204.html
906 _a7
_bcbc
_corignew
_d1
_eecip
_f20
_gy-gencatlg
942 _2lcc
_cBK
_h63.1
_iSTE
_kDS
_m2008